[Event "Titled Tuesday intern op 03rd Aug"]
[Site "Chess.com INT"]
[Date "2021.08.03"]
[Round "4"]
[White "Pavlov, Sergey1"]
[Black "Grinblat, Dmitry"]
[Result "1-0"]
[WhiteElo "2481"]
[BlackElo "2369"]
[PlyCount "55"]
[EventDate "2021.08.03"]
[EventType "swiss (blitz)"]
[EventRounds "11"]
[EventCountry "USA"]
[SourceTitle "CBM 203 Extra"]
[Source "ChessBase"]
[SourceDate "2021.09.30"]
[SourceVersion "1"]
[SourceVersionDate "2021.09.30"]
[SourceQuality "1"]

1. d4 d5 2. c4 e6 3. Nc3 Nf6 4. Nf3 Nbd7 5. g3 Be7 6. Bg2 0-0 7. 0-0 c5 8. cxd5 exd5 9. b3 b6 10. dxc5 Nxc5 11. Nd4 Bb7 12. Nf5 Re8 13. Bb2 Bf8 14. Rc1 g6 15. Nd4 Bg7 16. e3 Nfe4 17. b4 Nxc3 18. Bxc3 Ne4 19. Bb2 Rc8 20. Qa4 a6 21. b5 Qd7 22. Qb4 a5 23. Qa3 Nd2 24. Rfd1 Nc4 25. Qb3 a4 26. Qb4 Bf8 27. Qc3 Nxe3 28. Nc6 1-0

[Event "Titled Tuesday intern op 27th July"]
[Site "Chess.com INT"]
[Date "2021.07.27"]
[Round "10"]
[White "Begmuratov, Khumoyun"]
[Black "Grinblat, Dmitry"]
[Result "1/2-1/2"]
[WhiteElo "2116"]
[BlackElo "2369"]
[PlyCount "127"]
[EventDate "2021.07.27"]
[EventType "swiss (blitz)"]
[EventRounds "11"]
[EventCountry "USA"]
[SourceTitle "CBM 203 Extra"]
[Source "ChessBase"]
[SourceDate "2021.09.30"]
[SourceVersion "1"]
[SourceVersionDate "2021.09.30"]
[SourceQuality "1"]

1. e4 c5 2. Nf3 d6 3. d4 cxd4 4. Nxd4 Nf6 5. Nc3 a6 6. Be2 e6 7. 0-0 Nbd7 8. Be3 b5 9. a3 Bb7 10. f3 Qc7 11. Qd2 Be7 12. Rad1 0-0 13. Nb3 Ne5 14. Bd4 Rac8 15. Qc1 Nc4 16. Bxc4 bxc4 17. Nd2 e5 18. Bf2 d5 19. exd5 Nxd5 20. Nde4 Nf4 21. Qe3 Ne6 22. Qb6 Qxb6 23. Bxb6 Bxe4 24. fxe4 Rb8 25. Nd5 Bc5+ 26. Bxc5 Nxc5 27. Ne7+ Kh8 28. Nc6 Rbe8 29. Rd5 Nxe4 30. Nxe5 c3 31. bxc3 Nxc3 32. Ra5 f6 33. Nd3 Re2 34. Rxa6 Rxc2 35. Nb4 Rb2 36. Rc6 Nb5 37. Nd5 Nxa3 38. Nf4 Re8 39. Rc7 Nc2 40. Nd3 Ra2 41. Rf2 Ra1+ 42. Rf1 Rxf1+ 43. Kxf1 Ne3+ 44. Kf2 Nf5 45. Nf4 h6 46. g4 Nd4 47. h4 Ne6 48. Nxe6 Rxe6 49. Kf3 Kh7 50. Kf4 Re5 51. h5 Rg5 52. Rd7 f5 53. gxf5 Kg8 54. Rd8+ Kf7 55. Rd7+ Kf6 56. Rd6+ Kf7 57. Rd7+ Ke8 58. Ra7 Kf8 59. Ra8+ Kf7 60. Ra7+ Kf6 61. Ra6+ Kf7 62. Ra7+ Kf6 63. Ra6+ Kf7 64. Ra7+ 1/2-1/2

[Event "Titled Tuesday intern op 27th July"]
[Site "Chess.com INT"]
[Date "2021.07.27"]
[Round "11"]
[White "Grinblat, Dmitry"]
[Black "Dobrowolski, Piotr"]
[Result "1/2-1/2"]
[WhiteElo "2369"]
[BlackElo "2413"]
[PlyCount "91"]
[EventDate "2021.07.27"]
[EventType "swiss (blitz)"]
[EventRounds "11"]
[EventCountry "USA"]
[SourceTitle "CBM 203 Extra"]
[Source "ChessBase"]
[SourceDate "2021.09.30"]
[SourceVersion "1"]
[SourceVersionDate "2021.09.30"]
[SourceQuality "1"]

1. d4 e6 2. Nf3 c5 3. c4 cxd4 4. Nxd4 Nf6 5. Nc3 Nc6 6. Nc2 Qc7 7. g3 Ne5 8. b3 Qc6 9. f3 Bc5 10. Be3 0-0 11. Bg2 d5 12. cxd5 exd5 13. Bxc5 Qxc5 14. Qd4 Qxd4 15. Nxd4 Nc6 16. Rd1 Re8 17. Kf2 Be6 18. Ncb5 Nxd4 19. Nxd4 Rec8 20. Rc1 Kf8 21. Rhd1 a6 22. e3 Ke7 23. g4 Rxc1 24. Rxc1 Rc8 25. Rxc8 Bxc8 26. Bf1 Kd6 27. Bd3 h6 28. h4 Be6 29. Nf5+ Bxf5 30. Bxf5 g6 31. Bd3 Nd7 32. Ke2 Kc5 33. a3 a5 34. f4 Nf6 35. Kf3 Ne8 36. f5 gxf5 37. Bxf5 f6 38. Kf4 Nd6 39. Bd3 b6 40. Be2 b5 41. Bd3 b4 42. a4 Kc6 43. Bc2 Kc5 44. Bd3 Kc6 45. Bc2 Kc5 46. Bd3 1/2-1/2

[Event "Titled Tuesday intern op 27th July"]
[Site "Chess.com INT"]
[Date "2021.07.27"]
[Round "1"]
[White "Le, Tuan Minh"]
[Black "Grinblat, Dmitry"]
[Result "1-0"]
[WhiteElo "2514"]
[BlackElo "2369"]
[PlyCount "93"]
[EventDate "2021.07.27"]
[EventType "swiss (blitz)"]
[EventRounds "11"]
[EventCountry "USA"]
[SourceTitle "CBM 203 Extra"]
[Source "ChessBase"]
[SourceDate "2021.09.30"]
[SourceVersion "1"]
[SourceVersionDate "2021.09.30"]
[SourceQuality "1"]

1. d4 d5 2. Nf3 Nf6 3. Bf4 c5 4. c3 Nc6 5. e3 e6 6. Nbd2 Bd6 7. Bg3 0-0 8. Bb5 a6 9. Bxc6 bxc6 10. Qa4 Bb7 11. Bxd6 Qxd6 12. Qa3 Rfd8 13. Nb3 c4 14. Qxd6 Rxd6 15. Nc5 Bc8 16. b3 cxb3 17. axb3 Nd7 18. Nxd7 Bxd7 19. b4 f6 20. Ra5 Bc8 21. Ke2 Bb7 22. Rha1 Re8 23. Ne1 e5 24. Nd3 Bc8 25. Nc5 f5 26. dxe5 Rxe5 27. g3 g5 28. Nxa6 f4 29. gxf4 gxf4 30. Rg1+ Rg6 31. Rxg6+ hxg6 32. Nc5 Bg4+ 33. Kd3 fxe3 34. fxe3 Rh5 35. Ra6 Rxh2 36. Rxc6 Kf7 37. Kd4 Rd2+ 38. Ke5 Re2 39. Rc7+ Kg8 40. Kf4 Bf5 41. b5 Rb2 42. Rb7 Kf8 43. b6 Ke8 44. Ke5 Kd8 45. Kd6 Kc8 46. Rc7+ Kb8 47. Na6+ 1-0

[Event "RUS Central Region-chT club"]
[Site "Tula"]
[Date "2005.11.27"]
[Round "3"]
[White "Zaitsev, Alexander"]
[Black "Grinblat, Dmitry"]
[Result "1/2-1/2"]
[WhiteElo "2391"]
[BlackElo "2368"]
[PlyCount "26"]
[EventDate "2005.11.25"]
[EventType "team-tourn"]
[EventRounds "5"]
[EventCountry "RUS"]
[SourceTitle "CBM 109 Extra"]
[Source "ChessBase"]
[SourceDate "2006.01.03"]
[SourceVersion "2"]
[SourceVersionDate "2006.01.03"]
[SourceQuality "1"]

1. e4 c5 2. Nf3 d6 3. d4 cxd4 4. Qxd4 a6 5. c4 e5 6. Qd3 h6 7. Nc3 Nf6 8. Be2 Be7 9. 0-0 Be6 10. Rd1 Nbd7 11. h3 0-0 12. b3 Rc8 13. Bb2 Qc7 1/2-1/2

[Event "Kharkov Caissa op"]
[Site "Kharkov"]
[Date "2002.01.27"]
[Round "6"]
[White "Nester, Ihor"]
[Black "Grinblat, Dmitry"]
[Result "1-0"]
[WhiteElo "2293"]
[BlackElo "2396"]
[PlyCount "51"]
[EventDate "2002.01.22"]
[EventType "swiss"]
[EventRounds "9"]
[EventCountry "UKR"]
[SourceTitle "CBM 086 Extra"]
[Source "ChessBase"]
[SourceDate "2002.03.14"]
[SourceVersion "1"]
[SourceVersionDate "2002.03.14"]
[SourceQuality "1"]

1. Nf3 c5 2. c4 Nf6 3. Nc3 e6 4. g3 b6 5. Bg2 Bb7 6. 0-0 Be7 7. d4 cxd4 8. Qxd4 d6 9. Rd1 a6 10. Bg5 Nbd7 11. Qd2 0-0 12. Bf4 e5 13. Bg5 Qc7 14. Rac1 Rac8 15. Nh4 g6 16. Bh6 Rfe8 17. Bxb7 Qxb7 18. Nf5 Rc6 19. Nd5 Nxd5 20. cxd5 Rxc1 21. Nxe7+ Rxe7 22. Rxc1 Nf6 23. Rc6 Rd7 24. Qc1 Rd8 25. Qg5 Qe7 26. Rc7 1-0

[Event "Kharkov Caissa op"]
[Site "Kharkov"]
[Date "2002.01.24"]
[Round "3"]
[White "Grinblat, Dmitry"]
[Black "Dmitrenko, Viktor"]
[Result "1-0"]
[WhiteElo "2396"]
[BlackElo "2324"]
[PlyCount "63"]
[EventDate "2002.01.22"]
[EventType "swiss"]
[EventRounds "9"]
[EventCountry "UKR"]
[SourceTitle "CBM 086 Extra"]
[Source "ChessBase"]
[SourceDate "2002.03.14"]
[SourceVersion "1"]
[SourceVersionDate "2002.03.14"]
[SourceQuality "1"]

1. d4 d5 2. Nf3 c6 3. c4 Nf6 4. e3 e6 5. Bd3 Nbd7 6. 0-0 Bd6 7. Nbd2 0-0 8. e4 e5 9. cxd5 cxd5 10. exd5 exd4 11. Ne4 Nc5 12. Nxd6 Qxd6 13. Bc4 Bg4 14. Qxd4 Bxf3 15. gxf3 b5 16. Bxb5 Ne6 17. Qd3 Nxd5 18. Bc4 Nec7 19. Rb1 Rad8 20. Bg5 Rd7 21. Qf5 g6 22. Qe4 f5 23. Qd4 f4 24. h4 a5 25. Rfd1 Rf5 26. Rd2 Qf8 27. Rbd1 Qg7 28. Qe4 Qf7 29. Bh6 Re7 30. Rxd5 Rxe4 31. fxe4 Rxd5 32. Rxd5 1-0